[Event "Bhopal GM Open 2019"]
[Site "Bhopal"]
[Date "2019.12.25"]
[Round "7.14"]
[White "Varun, Vij"]
[Black "Darsh Kansal"]
[Result "1-0"]
[WhiteElo "1964"]
[BlackElo "1793"]
[Annotator "NA RC"]
[PlyCount "59"]
[EventDate "2019.12.21"]
[EventType "swiss"]
[EventCountry "IND"]
[SourceTitle "playchess.com"]
[Source "ChessBase"]
[SourceQuality "1"]
[TimeControl "5400+30"]

{[%evp 10,59,18,45,37,47,64,32767,32767,98,32767,32767,32767,32767,32767,32767,32767,32767,32767,32767,32767,32767,137,155,163,89,235,109,144,204,233,256,198,49,91,37,722,872,804,1023,2067,1008,1423,758,717,795,813,905,811,1012,1082,926]} 1. d4 {[%emt 0:00:00]} Nf6 {[%emt 0:00:00]} 2. Bf4 {[%emt 0:00:00]} g6 {[%emt 0:00:00]} 3. Nc3 {[%emt 0:00:00]} d5 {[%emt 0:00:00]} 4. e3 {[%emt 0:00:00]} Bg7 {[%emt 0:00:07]} 5. h4 {[%emt 0:00:19]} b6 {[%emt 0:01:08]} (5... c6 6. Be2 Qb6 7. Rb1 h5 8. Nf3 Bg4 9. Ne5 Bxe2 10. Qxe2 Nbd7 11. Qf3 Qa6 {0-1 (32) Karjakin,S (2750)-Yu,Y (2752) Saint Louis 2019}) 6. Nf3 {[%emt 0:03:14] A45: Trompowsky Attack} Bb7 {[%emt 0:00:27]} 7. Ne5 {[%emt 0:00:18]} a6 {[%emt 0:01:34]} 8. h5 {[%emt 0:05:39]} Nfd7 $146 {[%emt 0:00:43]} ({Predecessor:} 8... Nbd7 9. hxg6 hxg6 10. Rxh8+ Bxh8 11. Qf3 {1-0 (53) Lewtak,D (2369)-Shishkin,V (2461) Polanica Zdroj 2018}) 9. hxg6 {[%emt 0:07:34]} hxg6 {[%emt 0:00:33]} 10. Rxh8+ {[%emt 0:00:32]} Bxh8 {[%emt 0:00:01]} 11. Qg4 {[%emt 0:01:23]} Nxe5 {[%emt 0:00:33]} 12. dxe5 {[%emt 0:00:19]} e6 {[%emt 0:00:26]} 13. Bd3 {[%emt 0:03:28]} Qe7 {[%emt 0:00:16]} 14. Bg5 {[%emt 0:04:50]} Qf8 {[%emt 0:00:27]} 15. f4 {[%emt 0:12:00]} Qg8 {[%emt 0:16:03]} 16. O-O-O {[%emt 0:00:07]} Nd7 {[%emt 0:01:43]} 17. Rh1 {[%emt 0:02:29]} (17. e4 $142) 17... Nc5 {[%emt 0:01:05] [#]} (17... Bg7 $16) 18. Be2 {[%emt 0:08:07]} (18. Bxg6 $1 $18 {[%mdl 512]} a5 (18... fxg6 19. b4) 19. Bh5) 18... Bc6 {[%emt 0:02:09]} 19. b4 {[%emt 0:01:25]} Na4 {[%emt 0:01:02]} 20. Nxa4 {[%emt 0:01:25]} Bxa4 {[%emt 0:00:01]} 21. Rh4 $2 {[%emt 0:00:58]} (21. Qf3 $18) 21... Qf8 {[%emt 0:07:43]} 22. Bd3 {[%emt 0:00:14]} Bd7 $2 {[%emt 0:06:35]} (22... Kd7 $16) 23. Rh7 {[%emt 0:02:03]} Bg7 {[%emt 0:01:42]} 24. Bh4 {[%emt 0:00:49]} Qg8 {[%emt 0:19:04]} 25. Bxg6 {[%emt 0:00:18]} Kf8 {[%emt 0:00:10]} 26. Bd3 {[%emt 0:10:14]} (26. Bf6 $142 a5 27. Qh4 fxg6 28. Rxg7 Qxg7 29. Bxg7+ Kxg7 30. Qe7+ {[%mdl 64] Double Attack} Kh6 31. Qxd7) 26... Bb5 {[%emt 0:01:13]} 27. Qg5 {[%emt 0:00:18]} Re8 {[%emt 0:00:50]} 28. Qh5 {[%emt 0:02:01]} Bxd3 {[%emt 0:01:49]} 29. cxd3 {[%emt 0:00:02]} d4 $18 {[%emt 0:00:57]} 30. Bf6 {[%emt 0:00:40]} 1-0

[Event "Bhopal GM Open 2019"]
[Site "Bhopal"]
[Date "2019.12.25"]
[Round "7.15"]
[White "Deshmukh, Anup"]
[Black "Suthershun A"]
[Result "1/2-1/2"]
[WhiteElo "2168"]
[BlackElo "1743"]
[Annotator "TA"]
[PlyCount "70"]
[EventDate "2019.12.21"]
[EventType "swiss"]
[EventCountry "IND"]
[SourceTitle "playchess.com"]
[Source "ChessBase"]
[SourceQuality "1"]

{[%evp 14,70,45,22,41,42,92,93,94,95,122,118,218,216,268,237,429,258,494,461,479,366,381,357,362,93,121,95,92,58,123,120,208,232,244,264,240,259,244,0,0,0,0,0,0,0,0,0,0,0,0,0,0,0,0,0,0,0,0]} 1. c4 Nf6 2. Nc3 e6 3. e4 d5 4. e5 d4 5. exf6 dxc3 6. bxc3 Qxf6 7. Nf3 e5 8. Bd3 Nc6 {A18: English Opening: Flohr-Mikenas System (1 c4 Nf6 2 Nc3 e6 3 e4)} (8... Bd6 9. O-O O-O 10. Be4 Re8 11. Re1 Nc6 12. d4 h6 13. c5 Bf8 14. Bxc6 Qxc6 15. Nxe5 Qd5 16. Bf4 f6 17. c4 Qd8 {½-½ (34) Karjakin,S (2783)-Nakamura,H (2786) chess.com INT 2017}) 9. O-O Bf5 10. Bxf5 Qxf5 {White is better.} 11. d4 O-O-O 12. Be3 e4 $146 {[#]} (12... exd4 $16 {is a better defense.} 13. cxd4 Bc5) ({Predecessor:} 12... Bd6) 13. Nd2 $1 $18 Bd6 14. Rb1 a6 $2 (14... Rhe8 15. c5 Bf4) 15. Qa4 Qh5 $2 (15... Bf4 {was worth a try.} 16. c5 Bxe3 17. fxe3 Qe6) 16. h3 f5 {intending ...f4.} 17. c5 {aiming for Rxb7!} f4 18. cxd6 fxe3 19. fxe3 $2 (19. dxc7 $18 {has better winning chances.} exf2+ 20. Rxf2 Kxc7 21. Qb3) 19... Rxd6 $16 20. Nxe4 Rg6 {Black wants to play ...Qxh3.} 21. Qb3 ({Of course not} 21. Rf2 Qxh3 22. Qb3 Na5 $15) 21... Na5 (21... Nd8 $14) 22. Qb4 {Rf8+ is the strong threat.} b6 (22... Rd8 $16) 23. Rf8+ $18 Rxf8 24. Qxf8+ Kb7 25. Nc5+ Ka7 {And now ...Qxh3 would win.} 26. Qc8 $2 ({White should play} 26. Qe7 $18 Qf3 27. Qxc7+ Nb7 28. Qxb7+ Qxb7 29. Nxb7 Kxb7 30. c4) 26... Rxg2+ $1 $11 {The position is equal.} 27. Kh1 Rh2+ $1 {[%mdl 64] [#] Decoy} 28. Kxh2 Qe2+ 29. Kg1 Qxe3+ 30. Kf1 Qf3+ 31. Ke1 Qe3+ 32. Kd1 Qf3+ 33. Ke1 Qe3+ 34. Kd1 Qf3+ 35. Ke1 Qe3+ {Accuracy: White = 48%, Black = 27%.} 1/2-1/2

[Event "Bhopal GM Open 2019"]
[Site "Bhopal"]
[Date "2019.12.25"]
[Round "7.16"]
[White "Jay Kundaliya"]
[Black "Lund Rachit"]
[Result "0-1"]
[WhiteElo "2088"]
[BlackElo "1625"]
[Annotator "NA RC"]
[PlyCount "76"]
[EventDate "2019.12.21"]
[EventType "swiss"]
[EventCountry "IND"]
[SourceTitle "playchess.com"]
[Source "ChessBase"]
[SourceQuality "1"]
[TimeControl "5400+30"]

1. c4 {[%emt 0:03:57]} Nf6 {[%emt 0:01:28]} 2. g3 {[%emt 0:00:29]} e6 {[%emt 0:00:17]} 3. Bg2 {[%emt 0:00:06]} d5 {[%emt 0:00:35]} 4. Nf3 {[%emt 0:01:25]} Be7 {[%emt 0:00:33]} 5. O-O {[%emt 0:00:04]} O-O {[%emt 0:00:27]} 6. b3 {[%emt 0:00:45]} b6 {[%emt 0:02:32]} 7. e3 {[%emt 0:03:31]} Bb7 {[%emt 0:03:19]} 8. Bb2 {[%emt 0:03:57]} Nbd7 {[%emt 0:11:56]} 9. Nc3 {[%emt 0:01:57]} c5 {[%emt 0:01:09]} 10. cxd5 {[%emt 0:00:48]} exd5 {[%emt 0:09:35]} 11. d4 {[%emt 0:01:55]} Re8 {[%emt 0:03:33] E17: Queen's Indian: 4 g3 Bb7 5 Bg2 Be7} (11... Rc8 12. Rc1 Re8 13. dxc5 bxc5 14. Nh4 Nb6 15. a4 a5 16. Nb5 Ba6 17. Re1 Bf8 18. Qf3 Ne4 19. Red1 Bxb5 20. axb5 a4 21. bxa4 Nxa4 {0-1 (61) Sonis,F (2445)-Brunello,S (2542) Chianciano Terme 2018}) 12. Qc2 {[%emt 0:16:08]} Rc8 {[%emt 0:02:44]} 13. Rac1 {[%emt 0:09:26]} Ne4 {[%emt 0:02:45]} 14. dxc5 {[%emt 0:04:03]} Bxc5 $146 {[%emt 0:05:02]} ({Predecessor:} 14... Nxc3 15. Qxc3 Bf6 16. Qd2 bxc5 17. Rfd1 Bxb2 18. Qxb2 Nf6 19. Rc2 Qb6 20. Rdc1 {1-0 (94) Mgeladze,T (2374)-Der Manuelian,H (2242) Poti 2018}) 15. Qd3 {[%emt 0:05:49]} (15. Nd2 $11) 15... Ndf6 {[%emt 0:06:17] Remove Defender, Decoy} (15... Nxf2 $5 16. Rxf2 Bxe3 $17 {[%mdl 64] Double Attack}) 16. Bh3 $2 {[%emt 0:16:09] [#]} (16. Nxe4 $11 dxe4 17. Qxd8 Rcxd8 18. Ne5) 16... Rc7 $2 {[%emt 0:24:21]} (16... Nxf2 $1 $19 {[%mdl 512]} 17. Rxf2 Rxe3) 17. Nb5 {[%emt 0:06:29]} Rce7 {[%emt 0:07:54]} 18. Nbd4 {[%emt 0:00:26]} ({Of course not} 18. Nxa7 Qa8 $15) 18... Rc7 {[%emt 0:01:55]} 19. a3 {[%emt 0:05:33]} a5 {[%emt 0:00:39]} 20. Nb5 {[%emt 0:00:47]} Ba6 {[%emt 0:01:07]} 21. b4 {[%emt 0:07:23]} axb4 {[%emt 0:03:19]} 22. axb4 {[%emt 0:00:03]} Nxf2 $16 {[%emt 0:01:15]} (22... Nd6 $14 23. bxc5 Rxc5) 23. Rxf2 {[%emt 0:05:50]} Rxe3 {[%emt 0:02:26]} 24. Rxc5 {[%emt 0:01:06]} Rxd3 {[%emt 0:01:06]} 25. Rxc7 {[%emt 0:00:02]} Ne4 {[%emt 0:01:49]} 26. Rd7 {[%emt 0:01:37]} Qf8 {[%emt 0:01:37]} 27. Na7 {[%emt 0:02:22]} Nxf2 {[%emt 0:01:21]} 28. Kxf2 {[%emt 0:00:02]} Bc8 {[%emt 0:01:35]} 29. Bxg7 {[%emt 0:00:35]} Kxg7 {[%emt 0:00:57]} 30. Nxc8 {[%emt 0:00:02]} Qxb4 {[%emt 0:00:42]} 31. Rxf7+ {[%emt 0:02:12]} Kxf7 {[%emt 0:00:17]} 32. Ne5+ {[%emt 0:00:04]} Kg7 {[%emt 0:00:11]} 33. Nxd3 {[%emt 0:00:15]} Qd2+ {[%emt 0:00:01]} 34. Kf3 {[%emt 0:00:23]} Qxd3+ 35. Kf4 Qe4+ {[%emt 0:00:37]} 36. Kg5 {[%emt 0:00:35]} h6+ {[%emt 0:00:05]} 37. Kh5 {[%emt 0:00:03]} Qg6+ {[%emt 0:00:01]} 38. Kh4 {[%emt 0:00:01]} Qg5# {[%emt 0:00:01]} 0-1

[Event "Bhopal GM Open 2019"]
[Site "Bhopal"]
[Date "2019.12.25"]
[Round "7.17"]
[White "Parekh Vishrut"]
[Black "Sapaev, Maksad"]
[Result "0-1"]
[WhiteElo "1791"]
[BlackElo "2250"]
[Annotator "TA"]
[PlyCount "128"]
[EventDate "2019.12.21"]
[EventType "swiss"]
[EventCountry "IND"]
[SourceTitle "playchess.com"]
[Source "ChessBase"]
[SourceQuality "1"]

{[%evp 15,128,50,59,60,52,53,43,50,79,84,113,35,35,35,35,35,35,35,35,39,36,0,0,-12,-13,-13,-12,-12,-13,-13,-6,-23,-29,-33,-34,-30,-21,-22,-23,-23,-33,-36,-31,-28,-8,-11,0,-22,-15,-42,-45,-102,-12,-9,-20,-9,0,-52,-29,-50,-41,-83,-105,-155,-158,-164,-41,-41,0,0,0,0,0,0,0,-68,-67,-61,-39,-55,-16,-242,-215,-645,-635,-652,-628,-625,-623,-614,-592,-555,-512,-470,0,-389,-363,-552,-529,-500,-433,-424,-440,-29987,-29988,-29988,-29989,-29989,-29990,-29990,-29991,-29992,-29993,-29994,-29995]} 1. Nf3 Nf6 2. g3 d5 3. Bg2 c5 4. O-O Nc6 5. d4 cxd4 6. Nxd4 e5 7. Nxc6 bxc6 8. c4 Be6 9. Qa4 {cxd5 is the strong threat. D02: 1 d4 d5 2 Nf3 sidelines, including 2...Nf6 3 g3 and 2...Nf6 3 Bf4} ({Predecessor:} 9. Nc3 Rc8 10. cxd5 cxd5 11. Qa4+ Qd7 12. Qxd7+ Kxd7 13. Rd1 Bc5 14. Nxd5 Nxd5 {0-1 (50) Stefanova,A (2470)-Kosteniuk,A (2546) Hengshui 2019}) 9... Qd7 10. Nc3 Rc8 11. cxd5 $146 {White is slightly better.} (11. Bg5 d4 12. Rad1 Be7 13. Bxf6 Bxf6 14. c5 O-O 15. e3 Bf5 16. exd4 exd4 {1-0 (46) Duda,J (2738)-Tregubov,P (2592) chess.com INT 2019}) 11... Nxd5 12. Rd1 Bc5 13. Nxd5 (13. Ne4 $16 Be7 14. Ng5) 13... cxd5 $14 14. Qxd7+ Kxd7 15. Bxd5 Bxd5 16. Rxd5+ Ke6 17. Rd1 Rhd8 18. Bd2 (18. Rxd8 {is more complex.} Rxd8 19. Bg5 f6 20. Rc1 Bb6 21. Be3) 18... Bd4 $1 19. Bc3 Bxc3 20. Rxd8 Rxd8 21. bxc3 $11 {[%mdl 4096] Endgame KR-KR} Rd2 22. Kf1 Rc2 23. Ke1 Rxc3 24. Kd2 Ra3 25. Kc2 h5 26. Kb2 Ra4 27. Rc1 Rd4 28. Rc2 Rd1 29. a4 Rh1 30. h4 Rf1 31. e3 Kd5 32. a5 a6 33. Kc3 {[#]} ({White should play} 33. f4 $15) 33... e4 (33... Ke4 $1 $17 {aiming for ...Kf3.} 34. Kb3 Rb1+ 35. Ka3 Kf3) 34. Rb2 Kc5 35. Rc2 Rd1 36. Rb2 (36. Kb3+ $1 $11 Kd6 37. Rb2) 36... Rd3+ $15 37. Kc2 Ra3 38. Kd2 Rxa5 39. Rb7 Ra2+ 40. Ke1 g6 (40... a5 $19 41. Rc7+ Kb6 42. Rxf7 a4) 41. Rxf7 Rb2 42. Rf4 Rb4 43. Rf6 Rb6 44. Rf4 $1 Re6 45. Rf8 (45. Kd2 $11) 45... a5 46. Ra8 Kb5 47. Kd2 Rf6 48. Ke2 $2 (48. Re8 $11) 48... a4 $19 49. Rb8+ $2 (49. Kd2) 49... Rb6 50. Ra8 Kb4 51. Kd2 Kb3 52. Kc1 Rf6 53. Rb8+ Kc3 54. Rc8+ Kb3 55. Rb8+ Ka3 56. Rb2 (56. Re8 $142 Rxf2 57. Rxe4) 56... Rc6+ 57. Kb1 Rc3 {Threatens to win with ...Rb3.} 58. Ra2+ Kb4 {Strongly threatening ...a3.} 59. Rb2+ {[#]} (59. Rd2 $19 Rd3 60. Rc2) 59... Rb3 {Black mates.} 60. Ka2 Rxb2+ 61. Kxb2 a3+ {[%cal Ba4a3,Ba3a2][%mdl 32]} 62. Ka2 Ka4 63. Kb1 Kb3 64. Ka1 a2 0-1

[Event "Bhopal GM Open 2019"]
[Site "Bhopal"]
[Date "2019.12.25"]
[Round "7.18"]
[White "Lad Mandar Pradip"]
[Black "Safranska, Anda"]
[Result "0-1"]
[WhiteElo "1740"]
[BlackElo "2112"]
[Annotator "TA"]
[PlyCount "134"]
[EventDate "2019.12.21"]
[EventType "swiss"]
[EventCountry "IND"]
[SourceTitle "playchess.com"]
[Source "ChessBase"]
[SourceQuality "1"]

{[%evp 14,143,61,13,35,0,0,0,1,0,12,0,4,1,5,0,0,0,10,-15,-9,-40,-44,-53,-30,-26,-20,-31,0,-15,-15,-28,-30,-51,-59,-108,-99,-129,-129,-166,-132,-139,-132,-130,-132,-196,-178,-227,-227,-222,-227,-227,-205,-355,-337,-802,-683,-1920,-1848,-1689,-1647,-2726,-1875,-1983,-1525,-1937,-1482,-1395,-1202,-1202,-1003,-1032,-612,-569,-116,-116,-116,-165,-165,-126,-116,-165,-165,-165,-165,-1668,0,-165,-165,-165,-165,-12829,-165,-165,-116,-1168,-116,-165,-124,-1821,-116,-124,-122,-12837,-12837,-12837,-12837,-12842,-12843,-12843,-12843,-12848,-12848,-12850,-12850,-12850,-27999,-12851,-29985,-12851,-29985,-12851,-29984,-12851,-27999,-27999,-27999,-27999,-27999,-27992,-27992,-27993]} 1. d4 Nf6 2. c4 g6 3. Nc3 Bg7 4. g3 ({Predecessor:} 4. e4 O-O 5. Nf3 d6 6. g3 Bg4 7. Bg2 Nc6 8. h3 Bxf3 9. Bxf3 e5 10. d5 Nd4 11. Bg2 c5 12. dxc6 bxc6 13. O-O {1-0 (48) Ezhov,A-Zheleznov,S (2145) Ufa 2006}) 4... d6 5. Bg2 O-O 6. Nf3 Nc6 7. O-O Rb8 8. e4 Bg4 {E62: King's Indian: Fianchetto: 6...c6 and Panno Variation (6...Nc6) without ...a6} 9. h3 $146 (9. Be3 a6 10. Qd2 b5 11. cxb5 axb5 12. e5 Ne8 13. e6 fxe6 14. Ng5 Na5 15. h3 Nc4 16. Qe1 {1-0 (39) Mamedyarov,S (2757)-Aronian,L (2803) Beijing 2013}) 9... Bxf3 $1 10. Bxf3 e5 {The position is equal.} 11. d5 Nd4 12. Bg2 c5 13. dxc6 bxc6 14. b3 Nd7 15. Ne2 Nc5 16. Bb2 {[%cal Re2d4]} Nce6 17. f4 exf4 18. gxf4 {[%cal Re2d4]} Qb6 19. Kh1 f5 20. Nxd4 Nxd4 21. c5 dxc5 22. e5 Rfd8 23. Qd3 Qb5 $36 {[%mdl 2048] Black is pushing.} 24. Qxb5 cxb5 25. Bxd4 Rxd4 26. Rae1 Kf7 27. Rc1 Bf8 28. Rfd1 Rbd8 29. Bf3 (29. Rxd4 $17 Rxd4 30. Bc6) 29... Rxd1+ 30. Rxd1 Rxd1+ 31. Bxd1 $19 {[%mdl 4096] Endgame KB-KB} Bh6 32. Be2 a6 33. a4 (33. Bf3 {was necessary.}) 33... Bxf4 34. axb5 $2 (34. h4) 34... axb5 35. Bxb5 Bxe5 36. Kg2 g5 37. Kf3 Kf6 38. Be8 Bd4 39. Bh5 Ke5 40. Be8 Bb2 41. Bf7 Bc1 42. Be8 h6 43. Bf7 Kd4 $2 (43... Kf6 $19 44. Be8 Bb2) 44. Be6 $17 Kc3 45. Bf7 Bd2 46. Be6 h5 47. Kg2 Be1 48. Kf1 Bg3 49. Kg2 $2 (49. Ke2) 49... Be1 $2 (49... Bc7 50. Bxf5 Kxb3 51. Be6+ c4) 50. Kf1 $1 $19 {[%cal Rf1e1]} Bh4 $1 51. Kg2 Kc2 52. Kf1 $2 (52. Bf7) 52... Kb2 $2 (52... f4 53. Kg1 Kd2) 53. Kg2 Ka3 54. Kf1 $2 {[%mdl 8192]} (54. Kf3 $17) 54... Bg3 $2 (54... f4 $19 55. Kg2 g4 $1 {[%mdl 512]} 56. hxg4 hxg4) 55. Kg2 Be5 56. Kf1 $2 {[%mdl 8192] [#]} (56. Bxf5 $17 Kxb3 57. Kf3) 56... Kb4 $2 (56... f4 $1 $19 {is more deadly.} 57. Kf2 {[#]} g4 $1 {[%mdl 512]} 58. hxg4 hxg4) 57. Kg2 Kc3 58. Kf1 $2 {[%mdl 8192]} (58. Bxf5 $17 Kxb3 59. Kf3) 58... f4 59. Bf7 g4 60. hxg4 hxg4 61. Be6 Bd4 62. Ke1 f3 63. Bxg4 f2+ 64. Ke2 Kxb3 65. Bh3 c4 66. Be6 Kc3 (66... Kb4 $19 67. Bh3 c3) 67. Bd5 {[#]} Kb4 {Played: Bd4-e3} 0-1

[Event "Bhopal GM Open 2019"]
[Site "Bhopal"]
[Date "2019.12.25"]
[Round "7.19"]
[White "Daakshin Arun"]
[Black "Rathneesh R"]
[Result "0-1"]
[WhiteElo "1760"]
[BlackElo "2006"]
[Annotator "NA RC"]
[PlyCount "150"]
[EventDate "2019.12.21"]
[EventType "swiss"]
[EventCountry "IND"]
[SourceTitle "playchess.com"]
[Source "ChessBase"]
[SourceQuality "1"]
[TimeControl "5400+30"]

{[%evp 8,140,14,4,12,0,16,1,32767,32767,32767,32767,32767,32767,32767,32767,32767,-12,-12,-107,-43,-47,-24,-27,-10,-23,-18,-18,-7,-42,-29,-46,-17,-11,-14,-38,-20,-24,0,-36,0,-5,-1,-31,-10,-31,-15,-21,32767,32767,32767,32767,32767,32767,-5,-21,-36,-32,-21,-57,-68,-92,-105,-105,-108,-146,-80,-133,-134,-143,-170,-192,32767,32767,32767,32767,32767,32767,32767,32767,32767,32767,32767,32767,-551,32767,32767,32767,32767,32767,-206,-191,32767,32767,32767,32767,32767,32767,-884,-12837,32767,32767,32767,32767,32767,-239,32767,32767,32767,32767,-207,-264,-1160,32767,32767,32767,32767,32767,32767,32767,32767,-12850,-29966,-12849,32767,32767,32767,32767,32767,32767,32767,32767,32767,-12845,-12846]} 1. d4 {[%emt 0:00:00]} Nf6 {[%emt 0:00:02]} 2. c4 {[%emt 0:00:00]} e6 {[%emt 0:00:17]} 3. Nc3 {[%emt 0:00:00]} Bb4 {[%emt 0:00:25]} 4. e3 {[%emt 0:00:00]} O-O {[%emt 0:01:31]} 5. Bd3 {[%emt 0:00:12]} c5 {[%emt 0:01:17]} 6. Nge2 {[%emt 0:00:38]} d5 {[%emt 0:01:29]} 7. cxd5 {[%emt 0:00:22]} cxd4 {[%emt 0:05:30]} 8. exd4 {[%emt 0:00:29]} Nxd5 {[%emt 0:00:34]} 9. O-O {[%emt 0:00:27]} Nc6 {[%emt 0:01:46]} 10. Qc2 {[%emt 0:00:42]} h6 {[%emt 0:01:23] E48: Nimzo-Indian: Rubinstein: 5 Bd3 d5 including 6 Ne2, but excluding 6 a3} (10... g6 11. a3 Be7 12. Bh6 Re8 13. Nxd5 exd5 14. Rfe1 Bf6 15. Qd2 Bg4 16. f3 Bd7 17. Bb5 Nxd4 18. Nxd4 Bxb5 19. Rxe8+ Bxe8 {0-1 (100) Laznicka,V (2654)-Kelires,A (2510) Heraklio 2017}) 11. Rd1 {[%emt 0:00:39]} Bd6 {[%emt 0:03:07]} 12. Nxd5 {[%emt 0:00:49]} exd5 {[%emt 0:00:15]} 13. Ng3 $146 {[%emt 0:01:04]} ({Predecessor:} 13. Bf4 $11 Re8 14. Bxd6 Qxd6 {½-½ (14) Schweda,R (2330)-Stanec,N (2490) Leiner 1996}) 13... Bg4 {[%emt 0:11:14]} ({Black should play} 13... Qh4 $17 14. Qa4 Be6) 14. Be2 {[%emt 0:00:47]} Nb4 {[%emt 0:08:18]} 15. Qd2 {[%emt 0:01:25]} Qh4 {[%emt 0:06:21]} 16. Bxg4 {[%emt 0:01:14]} Qxg4 {[%emt 0:00:14]} 17. a3 {[%emt 0:01:01]} Bxg3 {[%emt 0:05:55]} 18. axb4 {[%emt 0:01:29]} (18. hxg3 $5 {[%cal Ra3b4]} Nc6 19. Qd3 $11) 18... Bd6 {[%emt 0:02:54]} 19. b5 {[%emt 0:03:43]} Rfe8 {[%emt 0:03:36]} 20. Qd3 {[%emt 0:01:15]} Re6 {[%emt 0:05:36]} 21. h3 {[%emt 0:06:07]} Qh4 {[%emt 0:02:08]} 22. Be3 {[%emt 0:04:19]} Rg6 {[%emt 0:03:11]} 23. Kf1 {[%emt 0:02:28]} Qe7 {[%emt 0:04:25]} 24. Re1 {[%emt 0:02:24]} Qd7 {[%emt 0:01:13]} 25. Re2 {[%emt 0:07:06]} Bf8 {[%emt 0:01:54]} 26. b3 {[%emt 0:02:23]} Rb6 {[%emt 0:01:55]} 27. Rea2 $1 {[%emt 0:00:16]} Qxb5 {[%emt 0:01:13]} 28. Qxb5 {[%emt 0:00:08]} Rxb5 {[%emt 0:00:02]} 29. Rxa7 {[%emt 0:00:07]} Rxa7 {[%emt 0:00:44]} 30. Rxa7 {[%emt 0:00:10]} Rxb3 {[%emt 0:00:13]} 31. Ra8 {[%emt 0:04:27]} f6 {[%emt 0:05:05]} 32. Rd8 {[%emt 0:00:17]} Rb5 {[%emt 0:01:16]} 33. Bf4 {[%emt 0:00:15]} Kf7 {[%emt 0:00:39]} 34. Rd7+ {[%emt 0:00:59]} Ke6 {[%emt 0:01:29]} 35. Rd8 {[%emt 0:00:43]} Be7 {[%emt 0:00:35]} 36. Rc8 {[%emt 0:00:38]} Rb2 {[%emt 0:01:04]} 37. Rb8 {[%emt 0:00:27]} ({White should try} 37. g4) 37... g5 {[%emt 0:05:13]} 38. Be3 {[%emt 0:00:25]} b5 {[%emt 0:01:53]} 39. Rb6+ {[%emt 0:00:54]} Bd6 {[%emt 0:02:32]} 40. h4 {[%emt 0:00:35]} b4 {[%emt 0:02:08]} 41. hxg5 {[%emt 0:00:06]} hxg5 {[%emt 0:01:16]} 42. Rb5 {[%emt 0:00:51]} Ra2 {[%emt 0:03:34]} 43. g3 {[%emt 0:01:13]} Be7 {[%emt 0:01:56]} 44. Ke1 {[%emt 0:00:26]} Bd6 {[%emt 0:03:14]} 45. Bd2 {[%emt 0:00:48] [#]} Kd7 $1 {[%emt 0:01:21]} 46. Rxd5 {[%emt 0:01:01]} Kc6 {[%emt 0:00:28]} 47. Rxd6+ {[%emt 0:00:05]} Kxd6 {[%emt 0:00:05]} 48. Bxb4+ {[%emt 0:00:04]} Kd5 {[%emt 0:00:50]} 49. Be7 {[%emt 0:00:32]} Ra6 50. Kf1 {[%emt 0:00:30]} Kxd4 {[%emt 0:00:50]} 51. Kg2 {[%emt 0:00:04]} Ke4 {[%emt 0:00:37]} 52. Bd8 {[%emt 0:00:23]} Kf5 {[%emt 0:00:36]} 53. Be7 {[%emt 0:00:13]} Ra7 {[%emt 0:00:25]} 54. Bc5 {[%emt 0:00:06]} Rd7 {[%emt 0:00:13]} 55. Be3 {[%emt 0:00:05]} Ke4 {[%emt 0:00:18]} 56. Bc5 {[%emt 0:00:25]} Rc7 {[%emt 0:00:56]} 57. Be3 {[%emt 0:00:15]} Rc2 {[%emt 0:00:15]} 58. Bb6 {[%emt 0:00:16]} Rd2 $2 {[%emt 0:00:44]} (58... f5 59. Bd8 g4) 59. Bc5 {[%emt 0:00:30]} Kf5 {[%emt 0:00:29]} 60. Be3 {[%emt 0:00:12]} Rd1 {[%emt 0:00:35]} 61. Bc5 {[%emt 0:00:17]} Kg4 {[%emt 0:00:28]} 62. Be7 {[%emt 0:00:17]} f5 {[%emt 0:00:29]} 63. f3+ {[%emt 0:00:33]} Kh5 {[%emt 0:00:06]} 64. f4 {[%emt 0:00:54]} Rd2+ {[%emt 0:01:02]} 65. Kf1 {[%emt 0:00:43]} g4 {[%emt 0:00:15]} 66. Bc5 {[%emt 0:00:26]} Kg6 {[%emt 0:00:11]} 67. Be3 {[%emt 0:00:12]} Ra2 {[%emt 0:00:18]} 68. Bd4 {[%emt 0:00:14]} Kf7 {[%emt 0:00:06]} 69. Kg1 {[%emt 0:00:32]} Ke6 {[%emt 0:00:09]} 70. Kh1 $19 {[%emt 0:00:24]} Kd5 {[%emt 0:00:08]} 71. Bg1 {[%emt 0:01:11]} Ke4 {[%emt 0:00:30]} 72. Bh2 {[%emt 0:00:33]} Kf3 {[%emt 0:00:11]} 73. Bg1 {[%emt 0:00:03]} Kxg3 {[%emt 0:00:15]} 74. Be3 {[%emt 0:00:00]} Rh2+ {[%emt 0:00:32]} 75. Kg1 {[%emt 0:00:00]} Re2 {[%emt 0:00:05]} 0-1